Double B Picture Quiz Stats

 Plays Quiz not verified by Sporcle

Also try: Who's Your Daddy
Challenge
Share
Tweet
Score 0/70 Timer 10:00
0 Plays Today
% Correct
Bugs Bunny
94.5%
Bob the Builder
83.6%
Beauty and the Beast
82.7%
Betty Boop
81.8%
Beach ball
80%
Big Bird
76.4%
Bowling ball
75.5%
Bamm-Bamm
74.5%
Black belt
74.5%
Bunk bed
73.6%
Big Ben
73.6%
Bluebird
72.7%
Blackberries
71.8%
Brown bear
70.9%
Beavis and Butt-Head
70%
Bubble blower
70%
Breaking Bad
69.1%
The Brady Bunch
69.1%
Bumblebee
67.3%
The Blues Brothers
66.4%
Black Beauty
65.5%
Blackbird - Bird bath
63.6%
Brother Bear
60.9%
Barry Bonds - Baseball bat
60.9%
Boo-Boo Bear
57.3%
Bob Birdsong - Bodybuilding
57.3%
Bill Bradley - Basketball
55.5%
Baked beans on Brown bread
55.5%
Blackbeard
54.5%
Bed Bug
53.6%
Berenstain Bears
52.7%
Brooklyn Bridge
52.7%
Buffalo Bills
50%
Bedknobs and Broomsticks
47.3%
Bilbo Baggins
46.4%
% Correct
Bad Boys
45.5%
Benjamin Button
43.6%
Bruce Banner
42.7%
Backstreet Boys
41.8%
Barbara Bush
40%
Babs Bunny
35.5%
Beer bottles
34.5%
Boris Becker
32.7%
Beastie Boys
32.7%
The Beach Boys
31.8%
Brigitte Bardot
30.9%
Big Baby
29.1%
Ball bearings
27.3%
Benazir Bhutto
26.4%
Big Brother
25.5%
Buster Bunny
23.6%
Bush baby
19.1%
The Blue Boy
19.1%
Bullet Bill
18.2%
The Bold and the Beautiful
18.2%
Basil Brush
14.5%
Bing Bong
14.5%
Bill Bailey
14.5%
Brian Blessed
12.7%
Bourbon biscuits
11.8%
Burt Bacharach
10.9%
Ben Bernanke
10.9%
Beagle Boys
10%
Bertie Bassett
8.2%
Benjamin Bunny
3.6%
Benjamin Britten
3.6%
Breaking Benjamin
3.6%
Benjamin Banneker
2.7%
Brad Bird
2.7%
Billy buttons
1.8%

You're not logged in!

Compare scores with friends on all Sporcle quizzes.
Join for Free
OR
Log In

You Might Also Like...

Show Comments

Extras

Top Quizzes Today


Score Distribution

Your Account Isn't Verified!

In order to create a playlist on Sporcle, you need to verify the email address you used during registration. Go to your Sporcle Settings to finish the process.

Report this User

Report this user for behavior that violates our Community Guidelines.

Details: